01916cam a22003855i 450000100090000000300090000900500170001800800410003502000250007602000220010104000430012308200210016610000420018724503200022925000190054926400380056826400100060630000440061633600260066033700280068633800270071449000300074150000210077150000870079250000780087965000540095765300490101165500240106070000480108485601010113294200120123399900170124595201410126295201270140317449747EG-ScBUE20250227100813.0120831t2013 nyua fr 001 0 eng d a9780071795401 (pbk.) a0071795405 (pbk.) aEG-ScBUEbengerdacEG-ScBUEdEG-ScBUE04a516.076bRIC2221 aRich, Barnett,d1906-eauthor.93861710aGeometry :bincludes plane, analytic, and transformational geometries /cBarnett Rich, Ph.D., Former Chairman, Department of Mathematics, Brooklyn Technical High School, New York City, Christopher Thomas, Ph.D., Assistant Professor, Department of Mathematics, Massachusetts College of Liberal Arts, North Adams, MA. aFifth edition. 1aNew York : bMcGraw-Hill,c[2013] 4cc2013 ax, 326 pages :billustrations ;c28 cm. 2rdacontentatextbtxt aunmediated2rdamediabn avolumebnc2rdacarrier0 aSchaum’s outline series aIncludes index.  aUse with these courses : Geometry - High school Geometry - Precalculus - Calculus. a665 Fully solved problems and 25 problems-solving videos online -- cover. 7aGeometryvProblems, exercises, etc.2BUEsh941249 bENGELCcJune2015cOctober2015cSeptember2016 vReading book9342321 aThomas, Christopher,d1973-eauthor.941250 qView Schaum’s problem-solving videos-freeuhttp://www.mhprofessionalresources.com//mediacenter 2ddccBB c19895d19867 00102ddc40708AlahramaMAINbMAINc1STd2015-06-24ePurchaseg136.00h337l0o516.076 RICp000038926r2025-07-15 00:00:00v170.00yBB 00102ddc40708BaccahaMAINbMAINc1STd2016-09-27ePurchaseg260.00l0o516.076 RICp000033651r2025-07-15 00:00:00yBB